Thế giới bí ẩn nghiêng 23, 5 độ

保存先:
書誌詳細
フォーマット: 図書
言語:Undetermined
出版事項: Hà Nội Thanh Niên 2000
主題:
タグ: タグ追加
タグなし, このレコードへの初めてのタグを付けませんか!
Thư viện lưu trữ: Trung tâm Học liệu Trường Đại học Cần Thơ
LEADER 00457nam a2200169Ia 4500
001 CTU_36889
008 210402s9999 xx 000 0 und d
020 |b 45.000đ 
082 |a 500 
082 |b Th250/2000 
245 0 |a Thế giới bí ẩn nghiêng 23, 5 độ 
260 |a Hà Nội 
260 |b Thanh Niên 
260 |c 2000 
650 |a science 
904 |i Minh, 000612 
980 |a Trung tâm Học liệu Trường Đại học Cần Thơ